Pertinencia y práctica. Ensayos de Semiología.
Gespeichert in:
| 1. Verfasser: | |
|---|---|
| Format: | Buch |
| Sprache: | Spanisch |
| Veröffentlicht: |
Barcelona, España:
Gustavo Gili,
1977.
|
| Schriftenreihe: | Colección Comunicación Visual.
|
| Schlagworte: | |
| Tags: |
Tag hinzufügen
Keine Tags, Fügen Sie den ersten Tag hinzu!
|
MARC
| LEADER | 00000nam a2200000 a 4500 | ||
|---|---|---|---|
| 001 | UCT3925 | ||
| 003 | CL-VaPUC | ||
| 005 | 20250321101905.0 | ||
| 008 | 961031t19770000SP |||||||||||||||||spa|d | ||
| 999 | |c 253425 |d 253423 | ||
| 020 | |a 84-252-0672-3 | ||
| 040 | |c Pontificia Universidad Católica de Valparaíso | ||
| 082 | 0 | 4 | |a 401.41 PRI 1977 |2 21 |
| 100 | |a Prieto, Luis J |e autor |9 337787 | ||
| 245 | 1 | 0 | |a Pertinencia y práctica. |b Ensayos de Semiología. |
| 260 | |a Barcelona, España: |b Gustavo Gili, |c 1977. | ||
| 300 | |a 156 páginas. | ||
| 490 | 0 | |a Colección Comunicación Visual. | |
| 500 | |a c.2-3: Instituto Arcos. 08-01-2025 | ||
| 583 | |a last modification |c 19961031 00:00:00 |k Rodrigo Vera | ||
| 650 | 0 | |a Semiología |2 CL-VaPUC |9 317916 |v Semiótica |x Comunicación, lengua y habla | |
| 650 | 0 | |a Comunicación |9 257251 |x Aspectos visuales |v Análisis psicológico y sociológico | |
| 942 | |c BK |2 ddc |n 0 | ||
| 945 | |d 19961031 00:00:00 |a nastorga | ||
| 952 | |0 0 |1 0 |4 0 |6 401_410000000000000_PRI_1977 |7 0 |8 P |9 274271 |a BIBARQ |b BIBARQ |d 2019-11-19 |i 2789426 |o 401.41 PRI 1977 |p 2789426 |r 2025-01-20 |w 2019-11-19 |y BK |k ARQ | ||
| 952 | |0 0 |1 0 |2 ddc |4 0 |6 401_410000000000000_PRI_1977 |7 0 |8 A |9 599986 |a BIBINC |b BIBINC |d 2025-01-27 |e Instituto Arcos |i 5664877 |o 401.41 PRI 1977 |p 5664877 |r 2025-01-27 |t 3 |w 2025-01-27 |y BK |k IFP | ||
| 952 | |0 0 |1 0 |2 ddc |4 0 |6 401_410000000000000_PRI_1977 |7 0 |8 A |9 599987 |a BIBINC |b BIBINC |d 2025-01-27 |e Instituto Arcos |i 5664876 |o 401.41 PRI 1977 |p 5664876 |r 2025-01-27 |t 2 |w 2025-01-27 |y BK |k IFP | ||